| 000 | 00807nam a2200241Ia 4500 | ||
|---|---|---|---|
| 003 | OSt | ||
| 005 | 20221005111635.0 | ||
| 006 | a|||||r|||| 00| 0 | ||
| 007 | ta | ||
| 008 | 221004b |||||||| |||| 00| 0 hin d | ||
| 024 | _a31721 | ||
| 037 | _cTextual | ||
| 040 |
_aCRL _cCRL _bhin |
||
| 041 |
_2hin _ahin |
||
| 082 | _aP152v, L3 | ||
| 100 | _aअरुण, अवधेश्वर | ||
| 245 | 0 | _aहिन्दी भाषा का स्वरूप-विकास | |
| 246 | _aHindī bhāṣhā kā svarūpa-vikāsa | ||
| 260 |
_aपटना _bबिहार हिंदी ग्रंथ अकादमी भारत _c1973 |
||
| 300 |
_a112पृ. _ccm. |
||
| 942 |
_hP152v, L3 _cTEXL _2cc |
||
| 999 |
_c1022425 _d1022425 |
||